|
|
|
|
| LEADER |
00000naa2a2200000 4500 |
| 001 |
609408 |
| 005 |
20231214152329.0 |
| 035 |
|
|
|a (RuTPU)RU\TPU\conf\6874
|
| 035 |
|
|
|a RU\TPU\conf\6863
|
| 090 |
|
|
|a 609408
|
| 100 |
|
|
|a 20141112d2014 k y0rusy50 ca
|
| 101 |
0 |
|
|a rus
|
| 102 |
|
|
|a RU
|
| 105 |
|
|
|a y z 101zy
|
| 135 |
|
|
|a drgn ---uucaa
|
| 181 |
|
0 |
|a i
|
| 182 |
|
0 |
|a b
|
| 200 |
1 |
|
|a Электромеханические накопители энергии
|f И. А. Разживин
|
| 203 |
|
|
|a Текст
|c электронный
|
| 225 |
1 |
|
|a Эффективное и надежное производство и транспортировка энергии
|
| 300 |
|
|
|a Заглавие с титульного экрана
|
| 320 |
|
|
|a [Библиогр.: с. 81 (5 назв.)]
|
| 337 |
|
|
|a Adobe Reader
|
| 463 |
|
0 |
|0 (RuTPU)RU\TPU\conf\6754
|t Состояние и пути развития российской энергетики
|o материалы Всероссийской молодёжной научной школы - конференции, г. Томск, 21-23 октября 2014 г.
|f Национальный исследовательский Томский политехнический университет (ТПУ), Энергетический институт (ЭНИН) ; ред. кол. В. Я. Ушаков и др.
|v [С. 78-81]
|d 2014
|
| 610 |
1 |
|
|a труды учёных ТПУ
|
| 610 |
1 |
|
|a электронный ресурс
|
| 610 |
1 |
|
|a электромеханические накопители
|
| 610 |
1 |
|
|a накопители энергии
|
| 610 |
1 |
|
|a энергия
|
| 610 |
1 |
|
|a механическая энергия
|
| 700 |
|
1 |
|a Разживин
|b И. А.
|c специалист в области электроэнергетики
|c доцент Томского политехнического университета, кандидат технических наук
|f 1989-
|g Игорь Андреевич
|3 (RuTPU)RU\TPU\pers\37755
|9 20507
|
| 801 |
|
2 |
|a RU
|b 63413507
|c 20220221
|g RCR
|
| 856 |
4 |
|
|u http://earchive.tpu.ru/handle/11683/69671
|
| 856 |
4 |
|
|u http://www.lib.tpu.ru/fulltext/c/2014/C82/023.pdf
|
| 942 |
|
|
|c BK
|